000 00941nam a2200325Ia 4500
003 OSt
005 20220912145342.0
006 a|||||r|||| 00| 0
007 ta
008 220909b |||||||| |||| 00| 0 eng d
020 _a8187169524 (pbk)
024 _a94973
037 _cTextual
040 _aCSL
_beng
_cCSL
041 _aeng
082 _aCN30, N5;9-;11
100 _aPeskin Michael E
245 0 _aIntroduction to quantum field theory
260 _aKolkata
_bLevant Books
_c1995
300 _axxii, 842p.
_ccm.
500 _aAppendix A1-A6, 801-810p.; Bibliography 811-816p.; Index 817-842p.
650 _a Field theory
650 _a Quantum field theory
650 _a Quantum physics
650 _aPhysics
700 _a Schroeder Daniel V
942 _hCN30, N5;9-;11
_cTEXL
_2CC
999 _c29629
_d29629